Sports Quiz

Random Sports or Golf Quiz

Golf Etiquette Quiz Stats

 Plays Quiz Updated Apr 11, 2019

Score 0/18 Timer 04:00
2 Plays Today
Question Answer Wrong Answers
'If a player plays a ball in a direction where there is a danger of hitting someone, he should immediately shout a warning. The traditional word of warning in such situations is ___.' Fore
95.4%
Ahoy
0.8%
[Censored]
0.5%
Whoops
0.4%
'Golf is played, for the most part, without the supervision of ___.' a referee or umpire
93.1%
chaperones
2.1%
caddies
1.6%
a committee
1.7%
'On the putting green, players should not stand on another player's ___ or, when he is making a stroke, cast a shadow over his ___.' line of putt
92.1%
equipment
0.6%
feet
1.1%
club
1.2%
'If a player believes his ball may be lost outside a water hazard or is out of bounds, to save time, he should play a ___.' provisional ball
90.7%
second round
1.9%
different hole
1.2%
different sport
0.6%
'On completion of the hole by all players in the group, damage to the putting green caused by ___ should be repaired.' golf shoes
90.2%
children
0.4%
burrowing animals
0.7%
angry outbursts
1.4%
'Players should ensure that no damage is done to the putting green when putting down ___.' bags or the flagstick
89.1%
food or beverages
1.3%
other players
0.7%
tarps or blankets
1%
'Players should not lean on their ___ when on the putting green, particularly when removing the ball from the hole.' clubs
88.9%
teammates
0.5%
carts
1.3%
caddies
0.8%
'When the play of a hole has been completed, players should immediately leave the ___.' putting green
88.9%
ball where it lies
1.5%
course
3.9%
caddies a substantial tip
0.4%
'The overriding principle is that ___ should be shown to others on the course at all times.' consideration
88.3%
identification
0.9%
hospitality
9.4%
contempt
1.2%
'Before leaving a bunker, players should carefully fill up and smooth over all holes and footprints made by them and any nearby made by others. If a ___ is within reasonable proximity of the bunker, the ___ should be used for this purpose.' rake
87.9%
Zamboni
0.5%
broom
2.4%
trowel
2.6%
'Players searching for a ball should signal the players in the group behind them to ___ as soon as it becomes apparent that the ball will not easily be found.' play through
85.2%
help them look
3.3%
be patient
5%
join them for drinks
0.4%
'Players should ensure that any ___ taken onto the course does not distract other players.' electronic device
82.1%
pet
6.1%
entourage
7.9%
air horn
0.7%
'In the case of a serious breach of etiquette, the Committee may ___ a player under Rule 33-7.' disqualify
80.2%
imprison
0.6%
evict
8.6%
congratulate
0.6%
'The ___ should be properly replaced in the hole before the players leave the putting green.' flagstick
79.9%
divots
9.7%
gopher
0.6%
liner
0.8%
'Players should not play until the players in front are out of ___.' range
79.6%
sight
17.5%
breath
0.4%
luck
0.4%
'On the teeing ground, a player should not ___ until it is his turn to play.' tee his ball
65%
practice his swing
30.1%
speak to his caddie
1.1%
purchase equipment
0.3%
'Players should not stand close to or directly behind the ___, or directly behind the hole, when a player is about to play.' ball
60.5%
teeing ground
18.2%
putting green
16.7%
clubhouse
0.4%
'All players should conduct themselves in a disciplined manner, demonstrating courtesy and sportsmanship at all times, irrespective of how ___ they may be. ' competitive
41.1%
experienced
20.3%
angry
30.1%
unlucky
7.8%

You're not logged in!

Compare scores with friends on all Sporcle quizzes.
OR
Log In

Sporcle TV

Today on Sporcle TV


Watch our educational content, quiz creation guides, and fun videos on Sporcle TV.

Show Comments

Extras

Top Quizzes Today


Score Distribution

Your Account Isn't Verified!

In order to create a playlist on Sporcle, you need to verify the email address you used during registration. Go to your Sporcle Settings to finish the process.

Report this User

Report this user for behavior that violates our Community Guidelines.

Details: